[Event "KP 2024/25,SK Lipa B-SK Lipa C"]
[Site "?"]
[Date "2024.10.20"]
[Round "1.5"]
[White "Vasatko, Martin"]
[Black "Humlicek, Vojtech"]
[Result "1-0"]
[WhiteElo "1925"]
[BlackElo "1967"]
[PlyCount "59"]
[EventDate "2024.??.??"]
[SourceVersionDate "2024.10.20"]

1. e4 c5 2. Nf3 a6 3. c4 Nc6 4. d4 cxd4 5. Nxd4 e6 6. Nc3 Bb4 7. Nxc6 bxc6 8.
Bd3 Bxc3+ 9. bxc3 Ne7 10. Qh5 d5 11. cxd5 cxd5 12. O-O Bb7 13. e5 Rc8 14. Rb1
Ba8 15. Bxa6 Rxc3 16. Bb2 Rc7 17. Bd4 Nc8 18. Rb8 O-O 19. Rxa8 Qd7 20. Rxc8
Rfxc8 21. Bxc8 Qxc8 22. Qd1 Qa6 23. Qb3 Rb7 24. Qc2 Rb4 25. Rb1 Rxb1+ 26. Qxb1
h6 27. h3 Qc4 28. Qa1 Qa4 29. a3 Kf8 30. Bc5+ 1-0

[Event "KP 2024/25,SK Lipa B-SK Lipa C"]
[Site "?"]
[Date "2024.10.20"]
[Round "1.6"]
[White "Nemec, Otakar"]
[Black "Kosar, Matej"]
[Result "1/2-1/2"]
[WhiteElo "1866"]
[BlackElo "1874"]
[PlyCount "83"]
[EventDate "2024.??.??"]
[SourceVersionDate "2024.10.20"]

1. e4 c6 2. d4 g6 3. Nc3 Bg7 4. Nf3 Nh6 5. Bc4 b5 6. Bd3 a6 7. O-O O-O 8. h3 d5
9. e5 Qc7 10. Bf4 e6 11. Ne2 c5 12. c3 c4 13. Bc2 a5 14. a3 Kh8 15. Qd2 Ng8 16.
Bh2 Nc6 17. Rfb1 Qe7 18. Ne1 f6 19. f4 Bh6 20. Nf3 fxe5 21. dxe5 Bb7 22. Ned4
Nxd4 23. Qxd4 Rf7 24. Rf1 Raf8 25. g3 g5 26. Rf2 gxf4 27. g4 Bg5 28. Raf1 h6
29. Nd2 b4 30. axb4 axb4 31. Bxf4 bxc3 32. bxc3 Bc6 33. Bxg5 hxg5 34. Rxf7 Rxf7
35. Rxf7 Qxf7 36. Qf2 Nh6 37. Qxf7 Nxf7 38. Nf3 Kg7 39. Kf2 Kh6 40. Ke3 Nd8 41.
Kd4 Nb7 42. Bd1 1/2-1/2

[Event "KP 2024/25,SK Lipa B-SK Lipa C"]
[Site "?"]
[Date "2024.10.20"]
[Round "1.7"]
[White "Charvat, Vaclav"]
[Black "Beneda, Marek"]
[Result "0-1"]
[WhiteElo "1804"]
[BlackElo "1839"]
[PlyCount "54"]
[EventDate "2024.??.??"]
[SourceVersionDate "2024.10.20"]

1. d4 d5 2. Nf3 Bf5 3. e3 e6 4. Nbd2 Nf6 5. Bd3 Bg6 6. Bxg6 hxg6 7. O-O Bd6 8.
Ne5 Nbd7 9. Ndf3 Rh5 10. Nxd7 Qxd7 11. Ne5 Bxe5 12. dxe5 Rxe5 13. b3 Qd6 14.
Bb2 Rh5 15. f4 Ne4 16. Be5 Qe7 17. Qe1 O-O-O 18. Rf3 Rdh8 19. h3 f6 20. Bb2 g5
21. fxg5 fxg5 22. Be5 g4 23. Rf4 Rxe5 24. Rxg4 Rg5 25. Rxg5 Qxg5 26. Kh2 Rf8
27. Qb4 Qe5+ 0-1

[Event "KP 2024/25,SK Lipa B-SK Lipa C"]
[Site "?"]
[Date "2024.10.20"]
[Round "1.8"]
[White "Landsmannova, Marie Magdalena"]
[Black "Korinek, Vojtech"]
[Result "0-1"]
[WhiteElo "1657"]
[BlackElo "1680"]
[PlyCount "116"]
[EventDate "2024.??.??"]
[SourceVersionDate "2024.10.20"]

1. e4 e5 2. Nf3 Nc6 3. d4 exd4 4. Nxd4 Bc5 5. Be3 Qf6 6. c3 Nge7 7. Bc4 Qg6 8.
O-O O-O 9. Nxc6 Qxc6 10. Bxc5 Qxc5 11. Qd3 Nc6 12. Bd5 a5 13. Nd2 b6 14. Nb3
Qe7 15. Qe3 Ba6 16. Rfe1 a4 17. Bxc6 dxc6 18. Nd4 c5 19. Nf5 Qf6 20. Rad1 Rad8
21. Ng3 Rfe8 22. f4 Rxd1 23. Rxd1 Rd8 24. Rxd8+ Qxd8 25. Qf3 Qd2 26. e5 Qc1+
27. Nf1 c6 28. f5 h6 29. f6 Bxf1 30. Qxf1 Qe3+ 31. Qf2 Qxe5 32. fxg7 Kxg7 33.
g3 Qd5 34. Qe2 Qe6 35. Qf3 Qe1+ 36. Kg2 Qd2+ 37. Kh3 Qd7+ 38. Kh4 Qe7+ 39. Kh3
Qe6+ 40. Qg4+ Qxg4+ 41. Kxg4 Kg6 42. Kf4 Kf6 43. g4 b5 44. h4 c4 45. Ke4 Ke6
46. Kf4 f6 47. Ke4 c5 48. Kf4 b4 49. Ke4 a3 50. bxa3 b3 51. axb3 cxb3 52. Kd3
c4+ 53. Kd2 Kd5 54. h5 Kc6 55. a4 Kb6 56. a5+ Kxa5 57. Kc1 Kb6 58. Kd2 Kc5 0-1

[Event "KP 2024/25,SSPM Lipky C-TJ Nachod B"]
[Site "?"]
[Date "2024.10.20"]
[Round "1.1"]
[White "Winter, Ondrej"]
[Black "Semerak, Pavel"]
[Result "1-0"]
[WhiteElo "2167"]
[BlackElo "1973"]
[PlyCount "52"]
[EventDate "2024.??.??"]
[SourceVersionDate "2024.10.21"]

1. e4 d6 2. d4 Nf6 3. Nc3 e5 4. Nf3 Nbd7 5. Bc4 Be7 6. O-O c6 7. a4 Qc7 8. Re1
h6 9. h3 g5 10. Qd3 Nf8 11. dxe5 dxe5 12. Ne2 Ng6 13. Ng3 Nf4 14. Qc3 Bd6 15.
Bxf4 gxf4 16. Nf5 Bxf5 17. exf5 Nd7 18. Rad1 f6 19. Qd2 Be7 20. Nh4 Rd8 21. Ng6
Rh7 22. Qe2 Nb6 23. Bg8 Rg7 24. Qh5 Rxd1 25. Rxd1 Bd6 26. Nxf4+ Ke7 1-0

[Event "KP 2024/25,SSPM Lipky C-TJ Nachod B"]
[Site "?"]
[Date "2024.10.20"]
[Round "1.2"]
[White "Sobotnik, Petrt"]
[Black "Nun, Jiri"]
[Result "0-1"]
[WhiteElo "1926"]
[BlackElo "2238"]
[PlyCount "84"]
[EventDate "2024.??.??"]
[SourceVersionDate "2024.10.21"]

1. c4 Nf6 2. Nc3 e5 3. g3 d5 4. cxd5 Nxd5 5. Bg2 Nb6 6. Nf3 Nc6 7. O-O Be7 8.
d3 O-O 9. b3 Be6 10. Bb2 f5 11. Rc1 Bf6 12. Nd2 Qd7 13. Nc4 Rab8 14. Nb5 Nd5
15. Nc3 Nde7 16. Na4 b6 17. Nc3 Rbd8 18. Ba3 Rfe8 19. Re1 Bf7 20. Qc2 Nd4 21.
Qb1 c5 22. Bb2 Bh5 23. Kf1 Kh8 24. Ne3 Bg5 25. Rcd1 f4 26. Nc4 Nec6 27. Ne4 Bh6
28. f3 fxg3 29. hxg3 Nb4 30. Ncd6 Rf8 31. Bxd4 cxd4 32. Nc4 Qe6 33. Kg1 b5 34.
Ncd2 Be3+ 35. Nf2 Nd5 36. Nde4 Bg6 37. Qb2 Bxe4 38. dxe4 Nc3 39. Rd3 Bxf2+ 40.
Kxf2 Nxe4+ 41. Kg1 Nxg3 42. Rc1 Qg6 0-1

[Event "KP 2024/25,SSPM Lipky C-TJ Nachod B"]
[Site "?"]
[Date "2024.10.20"]
[Round "1.3"]
[White "Novak, Radomir"]
[Black "Jirman, Jonas"]
[Result "1-0"]
[WhiteElo "2067"]
[BlackElo "1760"]
[PlyCount "99"]
[EventDate "2024.??.??"]
[SourceVersionDate "2024.10.21"]

1. d4 Nf6 2. c4 e6 3. Nc3 Bb4 4. Qb3 c5 5. e3 O-O 6. a3 Bxc3+ 7. Qxc3 d5 8.
dxc5 Ne4 9. Qc2 Nxc5 10. b4 Ne4 11. Bd3 Nf6 12. c5 e5 13. Bb2 Re8 14. Bb5 Bd7
15. Be2 b6 16. Nf3 e4 17. Nd4 bxc5 18. Qxc5 Qb6 19. Rc1 Na6 20. Qxb6 axb6 21.
h3 Rec8 22. Kd2 Nc7 23. Rc3 Ne6 24. Rxc8+ Rxc8 25. Rc1 Rxc1 26. Kxc1 Kf8 27.
Nxe6+ fxe6 28. b5 Bc8 29. Kc2 Nd7 30. Kb3 g6 31. Kb4 Ke7 32. a4 Kd6 33. a5
bxa5+ 34. Kxa5 Kc7 35. h4 Kb7 36. Bd4 Nb8 37. Bg4 Bd7 38. Be5 h6 39. Bxb8 Kxb8
40. Kb6 g5 41. hxg5 hxg5 42. Kc5 Kc7 43. b6+ Kb7 44. Kd6 Bb5 45. Bxe6 Kxb6 46.
Bxd5 Be2 47. Bxe4 g4 48. Ke5 Kc5 49. Kf4 Kd6 50. Bf5 1-0

[Event "KP 2024/25,SSPM Lipky C-TJ Nachod B"]
[Site "?"]
[Date "2024.10.20"]
[Round "1.4"]
[White "Pultar, Petr"]
[Black "Vlcek, Vojtech"]
[Result "1/2-1/2"]
[WhiteElo "1880"]
[BlackElo "1843"]
[PlyCount "59"]
[EventDate "2024.??.??"]
[SourceVersionDate "2024.10.21"]

1. d4 d5 2. Nf3 Nf6 3. c4 e6 4. Bg5 Be7 5. e3 h6 6. Bh4 O-O 7. Nc3 b6 8. cxd5
Nxd5 9. Bxe7 Qxe7 10. Nxd5 exd5 11. Be2 Be6 12. O-O Nd7 13. Rc1 c5 14. b3 Rac8
15. Bd3 Rfd8 16. Ba6 Rc7 17. Nd2 Nb8 18. Be2 Nc6 19. Nf3 Rdc8 20. Rc3 Nb4 21.
a3 Nc6 22. Ba6 Rb8 23. Qc2 Rd8 24. Rc1 Nb8 25. Be2 Rdc8 26. Nd2 g6 27. f3 Qf6
28. Qd3 Rc6 29. dxc5 Rxc5 30. Nb1 1/2-1/2

[Event "KP 2024/25,SSPM Lipky C-TJ Nachod B"]
[Site "?"]
[Date "2024.10.20"]
[Round "1.5"]
[White "Minovsky, Roman"]
[Black "Novotny, Jan"]
[Result "1/2-1/2"]
[WhiteElo "1964"]
[BlackElo "1905"]
[PlyCount "96"]
[EventDate "2024.??.??"]
[SourceVersionDate "2024.10.21"]

1. c4 Nf6 2. Nc3 e6 3. g3 d5 4. cxd5 exd5 5. d4 Bd6 6. Bg2 c6 7. e3 O-O 8. Nge2
Bf5 9. O-O Re8 10. a3 Nbd7 11. Re1 h6 12. f3 Qc7 13. Bd2 Re7 14. Rc1 Qb8 15.
Na4 Qe8 16. Kf2 Nb6 17. Nxb6 axb6 18. Qb3 b5 19. Qc3 Qd7 20. b4 Rae8 21. Nf4
Qc7 22. Bh3 Bxh3 23. Nxh3 g5 24. Kg2 g4 25. Nf2 gxf3+ 26. Kxf3 Ne4 27. Nxe4
Rxe4 28. Rf1 R8e6 29. Kg2 Rg6 30. Rf3 Qd7 31. Rg1 Rh4 32. Qd3 Qh3+ 33. Kf2 Re4
34. Rg2 Qg4 35. Qe2 Rge6 36. Qd1 Qh5 37. Kg1 Be7 38. Qf1 Bg5 39. Rf5 Qg6 40.
Re2 Bxe3+ 41. Bxe3 Rxe3 42. Rxe3 Rxe3 43. Qf4 Rxa3 44. Qb8+ Kh7 45. Qf4 Kg7 46.
Qe5+ Kg8 47. Qe8+ Kg7 48. Qe5+ Kg8 1/2-1/2

[Event "KP 2024/25,SSPM Lipky C-TJ Nachod B"]
[Site "?"]
[Date "2024.10.20"]
[Round "1.6"]
[White "Bednar, Jiri"]
[Black "Nosek, Jan"]
[Result "0-1"]
[WhiteElo "1882"]
[BlackElo "1923"]
[PlyCount "46"]
[EventDate "2024.??.??"]
[SourceVersionDate "2024.10.21"]

1. c4 g6 2. g3 Bg7 3. Bg2 c5 4. Nc3 Nc6 5. Nf3 d6 6. O-O e5 7. d3 Nge7 8. Bg5
h6 9. Be3 O-O 10. Qd2 Kh7 11. Ne1 Be6 12. Rb1 Qd7 13. Nc2 f5 14. f4 exf4 15.
gxf4 b6 16. b4 d5 17. b5 Nd4 18. Na3 Rad8 19. Bf2 dxc4 20. e3 Nf3+ 21. Bxf3
Qxd3 22. Qxd3 Rxd3 23. Nxc4 Bxc4 0-1

[Event "KP 2024/25,SSPM Lipky C-TJ Nachod B"]
[Site "?"]
[Date "2024.10.20"]
[Round "1.7"]
[White "Tichy, Miroslav"]
[Black "Bubenicek, Simon"]
[Result "1/2-1/2"]
[WhiteElo "1982"]
[BlackElo "1682"]
[PlyCount "65"]
[EventDate "2024.??.??"]
[SourceVersionDate "2024.10.21"]

1. e4 c6 2. Nc3 d5 3. d4 dxe4 4. Nxe4 Nf6 5. Nxf6+ exf6 6. Bc4 Bd6 7. Ne2 Qc7
8. Be3 Bf5 9. Bb3 O-O 10. Ng3 Bg6 11. O-O Re8 12. Qg4 f5 13. Nxf5 Qd7 14. Bxf7+
Kxf7 15. Nxd6+ Qxd6 16. c3 Nd7 17. Bf4 Qe6 18. Qg3 Nf6 19. Be5 Kg8 20. h3 Rf8
21. f4 Rf7 22. Qh4 h5 23. b3 a5 24. Rae1 b5 25. Rf3 Ne4 26. f5 Bxf5 27. Rxe4
Bxe4 28. Qxe4 a4 29. Rxf7 Kxf7 30. b4 Rc8 31. Qf3+ Kg8 32. Qxh5 Rf8 33. a3
1/2-1/2

[Event "KP 2024/25,SSPM Lipky C-TJ Nachod B"]
[Site "?"]
[Date "2024.10.20"]
[Round "1.8"]
[White "Vokurka, Vilem"]
[Black "Picek, Ivan"]
[Result "1/2-1/2"]
[WhiteElo "1656"]
[BlackElo "1918"]
[PlyCount "47"]
[EventDate "2024.??.??"]
[SourceVersionDate "2024.10.21"]

1. d4 Nf6 2. Bf4 d5 3. e3 e6 4. Nd2 Bd6 5. Bg3 O-O 6. Bd3 Nbd7 7. Ngf3 b6 8.
O-O Bxg3 9. hxg3 c5 10. c3 Bb7 11. Qe2 cxd4 12. exd4 a6 13. Ne5 Qe7 14. Ndf3
Ne8 15. Nxd7 Qxd7 16. Ne5 Qe7 17. Qh5 g6 18. Qh6 f6 19. Ng4 Nd6 20. f3 Nf5 21.
Bxf5 gxf5 22. Ne3 Rac8 23. Rae1 Qg7 24. Qxg7+ 1/2-1/2

[Event "KP 2024/25,Jiskra N. Bydzov-J. Horice"]
[Site "?"]
[Date "2024.10.20"]
[Round "1.1"]
[White "Vanicek, Vojtech"]
[Black "Kulhanek, Jachym"]
[Result "1/2-1/2"]
[WhiteElo "1906"]
[BlackElo "1960"]
[Annotator "user"]
[PlyCount "56"]
[EventDate "2024.??.??"]
[TimeControl "240+2"]

{600MB, Fritz10.ctg} 1. e4 c5 2. Nf3 d6 3. d4 cxd4 4. Nxd4 Nf6 5. Nc3 g6 6. Be3
Bg7 7. Bc4 O-O 8. f3 Nc6 9. Qd2 Bd7 10. O-O-O Rc8 11. Bb3 Ne5 12. Bh6 Nc4 13.
Bxc4 Rxc4 14. Bxg7 Kxg7 15. g4 b5 16. h4 b4 17. Nd5 Nxd5 18. exd5 Qa5 19. Kb1
h6 20. Qe2 Qc5 21. Nb3 Qc7 22. Nd4 Re8 23. Nc6 Rc5 24. Nxb4 Bb5 25. Qe4 a5 26.
Nc6 Bxc6 27. dxc6 Rxc6 28. c3 Rb8 1/2-1/2

[Event "KP 2024/25,Jiskra N. Bydzov-J. Horice"]
[Site "?"]
[Date "2024.10.20"]
[Round "1.2"]
[White "Stejskal, Michal"]
[Black "Mrazek, Vladimir"]
[Result "1-0"]
[WhiteElo "1962"]
[BlackElo "1864"]
[Annotator "user"]
[PlyCount "81"]
[EventDate "2024.??.??"]
[TimeControl "240+2"]

{600MB, Fritz10.ctg} 1. e4 c6 2. Nf3 d5 3. Nc3 Bg4 4. exd5 cxd5 5. h3 Bxf3 6.
Qxf3 Nf6 7. d4 e6 8. Bf4 a6 9. O-O-O Nc6 10. g4 h6 11. Bg2 Bd6 12. Rhe1 Bxf4+
13. Qxf4 O-O 14. h4 Kh7 15. Bf3 Qb8 16. Qe3 Ne7 17. Rh1 b5 18. Qd3+ Kh8 19. Ne2
Ng6 20. Qe3 Qc7 21. g5 Rac8 22. Rd2 Ng8 23. Bg4 Rce8 24. f4 N6e7 25. Qf3 Qc4
26. Kb1 Qc6 27. Nc1 Qd6 28. Nd3 Nc6 29. Ne5 Nxe5 30. fxe5 Qd8 31. Qe3 Qc7 32.
Rf2 Rc8 33. Rhf1 b4 34. Bd1 Qe7 35. Rg1 Rc7 36. Be2 a5 37. Bd3 f5 38. gxf6 gxf6
39. exf6 Rxf6 40. Qe5 Rc8 41. Rxg8+ 1-0

[Event "KP 2024/25,Jiskra N. Bydzov-J. Horice"]
[Site "?"]
[Date "2024.10.20"]
[Round "1.3"]
[White "Bednar, Milos"]
[Black "Hrnciarik, Karel"]
[Result "1-0"]
[WhiteElo "1830"]
[BlackElo "1965"]
[Annotator "user"]
[PlyCount "75"]
[EventDate "2024.??.??"]
[TimeControl "240+2"]

{600MB, Fritz10.ctg} 1. e4 g6 2. d4 Bg7 3. Nf3 d6 4. Be2 Nd7 5. O-O e6 6. c4
Ne7 7. Nc3 O-O 8. Be3 e5 9. Qd2 exd4 10. Nxd4 Nc5 11. b4 Ne6 12. Nd5 c5 13.
Nxe6 fxe6 14. Nxe7+ Qxe7 15. Rad1 cxb4 16. Qxb4 Rd8 17. Rd2 Bf8 18. Rfd1 b6 19.
e5 d5 20. Qxe7 Bxe7 21. cxd5 exd5 22. Bf3 Be6 23. Bxd5 Bxd5 24. Rxd5 Rxd5 25.
Rxd5 Kf7 26. f4 Ke6 27. Rd1 Rc8 28. Kf2 Rc7 29. Ke2 Kf5 30. Kf3 Rc3 31. g4+ Ke6
32. Ke4 Rc4+ 33. Rd4 Rc2 34. f5+ gxf5+ 35. gxf5+ Kf7 36. e6+ Kf6 37. Rd7 Re2
38. Kf4 1-0

[Event "KP 2024/25,Jiskra N. Bydzov-J. Horice"]
[Site "?"]
[Date "2024.10.20"]
[Round "1.4"]
[White "Matonoha, Ctirad"]
[Black "Luksa, Ales"]
[Result "1/2-1/2"]
[WhiteElo "1998"]
[BlackElo "1714"]
[Annotator "user"]
[PlyCount "32"]
[EventDate "2024.??.??"]
[TimeControl "240+2"]

{600MB, Fritz10.ctg} 1. e4 c5 2. Nf3 Nc6 3. d4 cxd4 4. Nxd4 Nf6 5. Nc3 d6 6.
Be2 e6 7. O-O Be7 8. Kh1 O-O 9. f4 Bd7 10. Nb3 a6 11. a4 Rc8 12. a5 Nb4 13. Be3
Bc6 14. Bf3 d5 15. e5 Ne4 16. Nd4 Qd7 1/2-1/2

[Event "KP 2024/25,Jiskra N. Bydzov-J. Horice"]
[Site "?"]
[Date "2024.10.20"]
[Round "1.5"]
[White "Vanicek, Lukas"]
[Black "Rusnak, Jan"]
[Result "0-1"]
[WhiteElo "1819"]
[BlackElo "1968"]
[Annotator "user"]
[PlyCount "72"]
[EventDate "2024.??.??"]
[TimeControl "240+2"]

{600MB, Fritz10.ctg} 1. f4 f5 2. Nf3 Nf6 3. b3 c5 4. Bb2 Nc6 5. e3 e6 6. Bb5
Be7 7. O-O O-O 8. Nc3 Qc7 9. Ne2 Ne4 10. d3 Nd6 11. Bxc6 dxc6 12. Ng3 Bf6 13.
Qc1 b5 14. Nh5 Bxb2 15. Qxb2 Ne8 16. Ne5 Nf6 17. Nxf6+ gxf6 18. Nf3 Ba6 19. c4
Rad8 20. Rad1 Kf7 21. Qc3 Rd7 22. Rd2 Rfd8 23. Rfd1 Bc8 24. cxb5 cxb5 25. Rc1
Rd5 26. d4 Qd7 27. Qa5 c4 28. bxc4 bxc4 29. Qa3 Rb5 30. Rxc4 Rb1+ 31. Rc1 Qb5
32. Rdc2 Ba6 33. Rxb1 Qxb1+ 34. Rc1 Qb5 35. Qc5 Rc8 36. Qa3 Qd3 0-1

[Event "KP 2024/25,Jiskra N. Bydzov-J. Horice"]
[Site "?"]
[Date "2024.10.20"]
[Round "1.6"]
[White "Sedivy, Ales"]
[Black "Neklapil, Ondrej"]
[Result "1-0"]
[WhiteElo "1932"]
[BlackElo "1786"]
[Annotator "user"]
[PlyCount "67"]
[EventDate "2024.??.??"]
[TimeControl "240+2"]

{600MB, Fritz10.ctg} 1. e4 Nf6 2. Nc3 e5 3. Bc4 Bc5 4. Nf3 d6 5. d4 exd4 6.
Nxd4 Bg4 7. f3 Bh5 8. Bg5 h6 9. Bf4 Nbd7 10. Nf5 O-O 11. Qd2 Kh7 12. Nd5 c6 13.
Nxf6+ Nxf6 14. O-O-O Qb6 15. Kb1 Nxe4 16. fxe4 Bxd1 17. Qxd1 Qb4 18. Qg4 Bd4
19. Nxd4 Qxc4 20. Nf5 Rg8 21. Ne7 Rge8 22. Nf5 Rg8 23. Nxd6 Qd4 24. Nxf7 Rgf8
25. Rd1 Qf2 26. Ne5 Rae8 27. Qg6+ Kh8 28. Bg3 Qe2 29. Re1 Qd2 30. Rc1 Qd4 31.
Nf7+ Kg8 32. Nxh6+ Kh8 33. Nf5 Qf6 34. Qg4 1-0

[Event "KP 2024/25,Jiskra N. Bydzov-J. Horice"]
[Site "?"]
[Date "2024.10.20"]
[Round "1.7"]
[White "Ficek, Martin"]
[Black "Kohout, Jan"]
[Result "0-1"]
[WhiteElo "1806"]
[BlackElo "1883"]
[Annotator "user"]
[PlyCount "76"]
[EventDate "2024.??.??"]
[TimeControl "240+2"]

{600MB, Fritz10.ctg} 1. e4 c5 2. Na3 e6 3. c3 Nc6 4. Nf3 d6 5. Nc2 Nf6 6. d3
Be7 7. Be2 Qc7 8. Bf4 a6 9. Qd2 b5 10. h3 Bb7 11. Qe3 Rc8 12. O-O O-O 13. Rac1
e5 14. Bg5 Nd8 15. Bxf6 Bxf6 16. d4 Ne6 17. d5 Nf4 18. Nce1 Rce8 19. Bd1 Bc8
20. Nd3 Ng6 21. Kh2 Qd7 22. Ng1 c4 23. Bg4 Qe7 24. Bxc8 Rxc8 25. Nb4 Bg5 26.
Qe1 Bxc1 27. Qxc1 Qh4 28. Qc2 f5 29. exf5 Qf4+ 30. g3 Qxf5 31. Qxf5 Rxf5 32.
Nxa6 e4 33. Nb4 Rcf8 34. Kg2 Ne5 35. Ne2 Nd3 36. Nxd3 cxd3 37. Nf4 g5 38. Ne6
e3 0-1

[Event "KP 2024/25,Jiskra N. Bydzov-J. Horice"]
[Site "?"]
[Date "2024.10.20"]
[Round "1.8"]
[White "Matejak, Josef"]
[Black "Rozenek, Roman"]
[Result "0-1"]
[WhiteElo "1678"]
[BlackElo "1756"]
[Annotator "user"]
[PlyCount "74"]
[EventDate "2024.??.??"]
[TimeControl "240+2"]

{600MB, Fritz10.ctg} 1. e4 d5 2. exd5 Qxd5 3. Nc3 Qa5 4. d4 Nf6 5. Nf3 Bf5 6.
Bd2 c6 7. Be2 Nbd7 8. a3 e6 9. h3 Be7 10. O-O Qc7 11. Nh4 Bg6 12. Nxg6 hxg6 13.
Bg5 Nb6 14. Qd3 Nfd5 15. Bxe7 Qxe7 16. Nxd5 Nxd5 17. Qg3 f5 18. Qxg6+ Kd7 19.
Qg3 g5 20. f4 gxf4 21. Rxf4 Nxf4 22. Qxf4 Rag8 23. Kh2 Rh4 24. Qf2 Qd6+ 25. Kh1
Rxd4 26. Bd3 Kc7 27. Re1 Re8 28. Qe3 f4 29. Qe5 Qxe5 30. Rxe5 Kd6 31. Rg5 e5
32. Bf5 e4 33. c3 Rd1+ 34. Kh2 e3 35. Bg4 e2 36. Bxe2 Rxe2 37. h4 f3 0-1

[Event "KP 2024/25,TJ Hronov-SK Jicin B"]
[Site "?"]
[Date "2024.11.10"]
[Round "2.1"]
[White "Stepan, Michal"]
[Black "Sadek, Vojtech"]
[Result "0-1"]
[WhiteElo "2110"]
[BlackElo "1985"]
[PlyCount "52"]
[EventDate "2024.??.??"]

1. Nf3 Nf6 2. g3 g6 3. b3 Bg7 4. Bb2 d5 5. c4 c6 6. Bg2 O-O 7. O-O Bf5 8. d3
Qc8 9. Re1 dxc4 10. bxc4 c5 11. Qb3 Nc6 12. Ne5 Bd7 13. Nxd7 Nxd7 14. Bxg7 Kxg7
15. Nc3 Rb8 16. Nd5 e6 17. Qb2+ Kg8 18. Nc3 f5 19. e3 Rd8 20. d4 cxd4 21. exd4
Nxd4 22. Nd5 Qc5 23. Rad1 e5 24. Nf4 Nb6 25. Bd5+ Nxd5 26. Rxe5 Nxf4 0-1

[Event "KP 2024/25,TJ Hronov-SK Jicin B"]
[Site "?"]
[Date "2024.11.10"]
[Round "2.2"]
[White "Pochinkov, Andrey"]
[Black "Cerny, David"]
[Result "1-0"]
[WhiteElo "2011"]
[BlackElo "2125"]
[PlyCount "103"]
[EventDate "2024.??.??"]

1. Nf3 c5 2. e3 Nf6 3. d4 d5 4. c3 Nc6 5. Nbd2 e6 6. Bd3 Be7 7. O-O O-O 8. Re1
b6 9. e4 dxe4 10. Nxe4 cxd4 11. cxd4 Bb7 12. Nc3 Rc8 13. Bf4 Nb4 14. Be2 Nbd5
15. Bd2 a6 16. Ne5 b5 17. Bf3 Qd6 18. a3 Rfd8 19. Ne4 Nxe4 20. Bxe4 Rf8 21. Qb3
Bf6 22. Qh3 g6 23. Bh6 Bg7 24. Rac1 Rxc1 25. Rxc1 Nc3 26. Bxg7 Ne2+ 27. Kf1
Kxg7 28. Kxe2 Bxe4 29. Qe3 Bb7 30. Ng4 f6 31. Rc5 Kg8 32. Qc3 Qf4 33. Ne3 Rd8
34. Rc7 Bd5 35. Qc5 Qd6 36. Qa7 Qf8 37. Qxa6 Rb8 38. Nxd5 exd5 39. Qe6+ Kh8 40.
Qd7 Qe8+ 41. Kd2 Qxd7 42. Rxd7 b4 43. a4 Ra8 44. b3 Rc8 45. Rxd5 Rc3 46. Rb5
Rxb3 47. Kc2 Rc3+ 48. Kb2 Rd3 49. Rxb4 Rd2+ 50. Kc3 Rxf2 51. Rb2 Rf1 52. Ra2
1-0

[Event "KP 2024/25,TJ Hronov-SK Jicin B"]
[Site "?"]
[Date "2024.11.10"]
[Round "2.3"]
[White "Cibulka, Josef"]
[Black "Cernoch, Vit"]
[Result "1/2-1/2"]
[WhiteElo "2057"]
[BlackElo "1971"]
[PlyCount "28"]
[EventDate "2024.??.??"]

1. e4 e6 2. d4 d5 3. Nd2 c5 4. Ngf3 Nc6 5. exd5 exd5 6. dxc5 Bxc5 7. Nb3 Bb6 8.
Be2 Nge7 9. O-O Be6 10. Nbd4 O-O 11. Bf4 Nf5 12. c3 Nfxd4 13. Nxd4 Nxd4 14.
cxd4 Rc8 1/2-1/2

[Event "KP 2024/25,TJ Hronov-SK Jicin B"]
[Site "?"]
[Date "2024.11.10"]
[Round "2.4"]
[White "Kordik, Jan"]
[Black "Velecky, Viktor"]
[Result "0-1"]
[WhiteElo "1637"]
[BlackElo "2077"]
[PlyCount "46"]
[EventDate "2024.??.??"]

1. d4 d5 2. Nc3 Nf6 3. Bg5 h6 4. Bxf6 gxf6 5. Nf3 Bg4 6. h3 Bh5 7. g4 Bg6 8. e3
h5 9. Nh4 Bh7 10. gxh5 e6 11. Rg1 Nd7 12. Qd2 c5 13. dxc5 Bxc5 14. O-O-O Rc8
15. a3 Qe7 16. Nb1 Ne5 17. Bb5+ Kf8 18. e4 Bxe4 19. Ba4 b5 20. Bb3 Rxh5 21. Ng2
Rxh3 22. Rh1 Rxh1 23. Rxh1 Nd3+ 0-1

[Event "KP 2024/25,TJ Hronov-SK Jicin B"]
[Site "?"]
[Date "2024.11.10"]
[Round "2.5"]
[White "Drasnar, Lukas"]
[Black "Jakubec, Vit"]
[Result "1-0"]
[WhiteElo "2001"]
[BlackElo "1494"]
[PlyCount "51"]
[EventDate "2024.??.??"]

1. e4 c5 2. Nf3 Nc6 3. Bb5 e6 4. c3 Be7 5. O-O Nf6 6. e5 Nd5 7. d4 cxd4 8. cxd4
O-O 9. Nc3 Nxc3 10. bxc3 a6 11. Ba4 b5 12. Bc2 f6 13. Qd3 f5 14. a4 Rb8 15.
axb5 axb5 16. Ba3 b4 17. cxb4 Bxb4 18. d5 Bxa3 19. dxc6 Be7 20. cxd7 Qxd7 21.
Qxd7 Bxd7 22. Ra7 Rfd8 23. Rd1 Rbc8 24. Bb3 Rc3 25. Raxd7 Rxd7 26. Bxe6+ 1-0

[Event "KP 2024/25,J. Horice-Lazne Belohrad"]
[Site "?"]
[Date "2024.11.10"]
[Round "2.1"]
[White "Kulhanek, Jachym"]
[Black "Korinek, Pavel"]
[Result "1/2-1/2"]
[WhiteElo "1968"]
[BlackElo "1982"]
[Annotator "Cagnour"]
[PlyCount "63"]
[EventDate "2024.11.10"]

1. e4 d6 2. d4 g6 3. Nc3 Bg7 4. Be3 c6 5. Qd2 b5 6. Bd3 Qa5 7. Nf3 Bg4 8. O-O
Qc7 9. a3 (9. Rae1 Bxf3 10. gxf3 Nd7 11. f4 Ngf6 12. e5 Ng4 13. h3 Nxe3 14.
Qxe3 e6 15. Ne4 Bf8 16. b4 d5 17. Ng5 Be7 18. Kg2 a5) 9... a6 10. Rae1 Bxf3 11.
gxf3 Nd7 12. f4 Ngf6 13. e5 Ng4 14. h3 Nxe3 15. Qxe3 e6 16. Ne4 Bf8 17. b4 d5
18. Ng5 Be7 19. Kg2 a5 20. Ra1 a4 21. h4 Bxg5 22. hxg5 O-O-O 23. Rh1 Nf8 24.
Be2 Kd7 25. Rad1 Ke7 26. Rd3 Rb8 27. Rc3 Rb6 28. Qd2 Rg8 29. Rhh3 Rg7 30. Qd1
Qd8 31. Rh4 Qc7 32. Rhh3 1/2-1/2

[Event "KP 2024/25,J. Horice-Lazne Belohrad"]
[Site "?"]
[Date "2024.11.10"]
[Round "2.2"]
[White "Dupenopulos, Karel"]
[Black "Flasar, Jaroslav"]
[Result "0-1"]
[WhiteElo "1865"]
[BlackElo "2015"]
[PlyCount "68"]
[EventDate "2024.11.10"]

1. d4 d5 2. Nf3 Nf6 3. Bg5 e6 4. e3 Be7 5. Bd3 Ne4 6. Bxe7 Qxe7 7. Bxe4 dxe4 8.
Nfd2 f5 9. c4 O-O 10. Nc3 Nd7 11. Qb3 c5 12. O-O-O cxd4 13. exd4 e5 14. Nd5 Qf7
15. Qc3 exd4 16. Qxd4 Nb6 17. Nxb6 axb6 18. Kb1 b5 19. cxb5 Be6 20. b3 Rfd8 21.
Qb4 Qh5 22. f3 e3 23. Nc4 f4 24. Qe7 Qg6+ 25. Kb2 Re8 26. Qd6 Qxg2+ 27. Kc3 e2
28. Rde1 Qxf3+ 29. Kb2 Bxc4 30. bxc4 Rad8 31. Qb4 Qe3 32. Rhg1 Qd4+ 33. Kb3 f3
34. Rg3 Re3+ 0-1

[Event "KP 2024/25,J. Horice-Lazne Belohrad"]
[Site "?"]
[Date "2024.11.10"]
[Round "2.3"]
[White "Hrnciarik, Karel"]
[Black "Buchar, Petr"]
[Result "1/2-1/2"]
[WhiteElo "1958"]
[BlackElo "1926"]
[PlyCount "89"]
[EventDate "2024.11.10"]

1. e4 c5 2. Nc3 Nc6 3. g3 g6 4. Bg2 Bg7 5. d3 e6 6. f4 Nge7 7. Nf3 d6 8. O-O
O-O 9. Ne2 Nd4 10. c3 Nxf3+ 11. Bxf3 Bd7 12. Be3 Rc8 13. Qd2 Qa5 14. d4 Bb5 15.
h4 cxd4 16. Bxd4 Bxd4+ 17. Qxd4 Bxe2 18. Bxe2 Qc5 19. Rad1 d5 20. Bf3 Qxd4+ 21.
Rxd4 Nc6 22. Rd2 dxe4 23. Bxe4 Rfd8 24. Rfd1 Rxd2 25. Rxd2 Rd8 26. Rxd8+ Nxd8
27. Kf2 Kf8 28. Ke3 Ke7 29. b4 f5 30. Bf3 Kd6 31. c4 e5 32. Bd5 b5 33. Bg8 bxc4
34. fxe5+ Kxe5 35. Bxh7 Nc6 36. Bxg6 Nxb4 37. Bf7 Nxa2 38. Bxc4 Nc3 39. Ba6 Ne4
40. Kf3 Nf6 41. Ke3 Ne4 42. Kf3 Nf6 43. Ke3 Nh5 44. Kf3 Kf6 45. g4 1/2-1/2